书目信息 |
| 题名: |
唐山市海洋经济发展战略规划
|
|
| 作者: | 唐山市海洋经济发展战略规划课题组 编著 ;国家海洋局发展战略研究所 编著 | |
| 分册: | ||
| 出版信息: | 北京 海洋出版社 2003.12 |
|
| 页数: | 132页 | |
| 开本: | 20cm | |
| 丛书名: | ||
| 单 册: | ||
| 中图分类: | P74 | |
| 科图分类: | ||
| 主题词: | 海洋开发 , 海洋资源 , 海洋资源--海洋开发 | |
| 电子资源: | ||
| ISBN: | 7-5027-6056-3 | |
| 000 | 00994nam0 2200229 450 | |
| 001 | 2361568231 | |
| 005 | 20230216170806.38 | |
| 010 | @a7-5027-6056-3@dCNY15.00 | |
| 100 | @a20230216d2003 km y0chiy0120 ea | |
| 101 | 0 | @achi |
| 102 | @aCN@b110000 | |
| 200 | 1 | @a唐山市海洋经济发展战略规划@ATang Shan Shi Hai Yang Jing Ji Fa Zhan Zhan Lue Gui Hua@f国家海洋局发展战略研究所,唐山市海洋经济发展战略规划课题组编著@FGuo Jia Hai Yang Ju Fa Zhan Zhan Lue Yan Jiu Suo,Tang Shan Shi Hai Yang Jing Ji Fa Zhan Zhan Lue Gui Hua Ke Ti Zu Bian Zhu |
| 210 | @a北京@c海洋出版社@d2003.12 | |
| 215 | @a132页@d20cm | |
| 606 | 0 | @a海洋开发 |
| 606 | 0 | @a海洋资源 |
| 606 | 0 | @a海洋资源@x海洋开发 |
| 690 | @aP74@v4 | |
| 701 | 0 | @a唐山市海洋经济发展战略规划课题组@ATang Shan Shi Hai Yang Jing Ji Fa Zhan Zhan Lue Gui Hua Ke Ti Zu@4编著 |
| 711 | 02 | @a国家海洋局发展战略研究所@AGuo Jia Hai Yang Ju Fa Zhan Zhan Lue Yan Jiu Suo@4编著 |
| 801 | 0 | @aCN@b大连网信软件有限公司图书馆·11@c20230216 |
| 905 | @aZUCC@dP74@e143 | |
| 唐山市海洋经济发展战略规划/国家海洋局发展战略研究所,唐山市海洋经济发展战略规划课题组编著.-北京:海洋出版社,2003.12 |
| 132页;20cm |
| ISBN 7-5027-6056-3:CNY15.00 |
| ● |
| 相关链接 |
|
|
|
|
正题名:唐山市海洋经济发展战略规划
索取号:P74/143
 
预约/预借
| 序号 | 登录号 | 条形码 | 馆藏地/架位号 | 状态 | 备注 |
| 1 | 1052696 | 210526965 | 第二样本阅览室/ [索取号:P74/143] | 在馆 |